Statystyki dla Miasta Brazylii na mapie

Kliknij tutaj aby rozwiązać quiz!

Ogólne statystyki

  • Ten quiz został rozwiązany 48 razy
  • Średni wynik to 5 z 14

Odpowiedzi na mapie

Odpowiedzi skodowane kolorowo w zielono-czerwonej skali na mapie do tego quizu, zgodnie z poniższymi procentami.
 

Statystyki odpowiedzi

Odpowiedź% Poprawnych
São Paulo
68%
Brasilia
65%
Rio de Janeiro
65%
Manaus
51%
Salvador
46%
Belém
41%
Porto Alegre
35%
Belo Horizonte
32%
Fortaleza
32%
Kurytyba
30%
Campo Grande
19%
Cuiaba
16%
Porto Velho
14%
Teresina
14%

Rozkład punktacji

Percentyl według liczby udzielonych odpowiedzi

Procent ludzi z każdym wynikiem

Twoja historia wyników

Nie rozwiązałeś tego quizu